Quizzes
Events
Quiz Creation
Community
Videos
Private Events
Remove Ads
Sign In
Join for FREE
Feedback
Dark Mode
Quiz Categories
Sports
Geography
Music
Movies
Television
Just For Fun
Miscellaneous
History
Literature
Language
Science
Gaming
Entertainment
Religion
Holiday
For Kids
Quiz Lab
Recent
Popular Today
Quiz Kudos Today
Editor Picks
Curator Picks
Quizzes by...
Day
Popularity
Type
Ratings
Length
Year
Community
Subscriptions
Recent Discussions
Orange Saloon
Badges
Playlists
Quests
Create
Leaderboards
Showdown
Live 5
Trivia Bingo
Activity
Puzzle Library
Sporcle Events
Private Events
Virtual Trivia
Globe League
Become a Host
Pub Owners
SporcleCon
Opinionation
Our Games
Videos
Blog
Mobile Apps
Partnerships
Remove Ads and Go Orange
Feedback
Sports
Athletes
MLB
NBA
NHL
NFL
Soccer
Sports Teams
WWE
NCAA
Football
Premier League
Basketball
Baseball
Hockey
Golf
Tennis
Cricket
Rugby
Auto Racing
Olympics
World Cup
Sports
Athletes
MLB
NBA
NHL
NFL
Soccer
Sports Teams
WWE
NCAA
Football
Premier League
Basketball
Baseball
Hockey
Golf
Tennis
Cricket
Rugby
Auto Racing
Olympics
World Cup
Random Quiz
Search Sporcle
×
Quiz Lab
Quiz Lab
Sports
England
Type in answers that appear in a list
Type in answers that appear in a list
Classic
Best Score? Go Orange.
The first starting XIs of the last 5 England managers Stats
Can you name the The first starting XIs of the last 5 England managers?
By
bigrichinnes
10m
55 Questions
663 Plays
663 Plays
663 Plays
Comments
Comments
Give Quiz Kudos
Give Quiz Kudos
-
- Ratings
hide this ad
Replay
Link that replays current quiz
Next Quiz
Link to next quiz in quiz playlist
You Got
0%
They Got
Avg Score
70%
Avg Friend Score
Upgrade to see
Score Distribution
Jump to the score distribution portion of the page
Score
0/55
Timer
10:00
0
Plays Today
Manager
Answer
% Correct
Allardyce
Joe Hart
97.7%
Allardyce
Wayne Rooney
96.4%
Capello
Wayne Rooney
96.4%
Hodgson
Steven Gerrard
91.6%
Capello
Steven Gerrard
91.6%
McClaren
Steven Gerrard
91.6%
McClaren
Frank Lampard
91.6%
McClaren
John Terry
90.5%
Capello
Ashley Cole
90.3%
McClaren
Ashley Cole
90.3%
Capello
Joe Cole
90%
Eriksson
Andy Cole
89.9%
Capello
Rio Ferdinand
88.4%
McClaren
Rio Ferdinand
88.4%
Eriksson
Rio Ferdinand
88.4%
Allardyce
Harry Kane
87.5%
Allardyce
Gary Cahill
86.9%
Allardyce
Kyle Walker
86.4%
Eriksson
David Beckham
86.4%
McClaren
Gary Neville
85.5%
Eriksson
Phil Neville
84.6%
Allardyce
Jordan Henderson
83.3%
Eriksson
Paul Scholes
82.7%
Allardyce
Raheem Sterling
82.1%
Eriksson
Michael Owen
81.7%
Allardyce
Danny Rose
80.5%
Capello
David James
79.8%
Eriksson
David James
79.8%
Manager
Answer
% Correct
Allardyce
Eric Dier
75.7%
Allardyce
John Stones
75%
Allardyce
Adam Lallana
72.7%
Hodgson
Phil Jagielka
68.9%
McClaren
Jermain Defoe
68.5%
McClaren
Peter Crouch
68.3%
Eriksson
Sol Campbell
67.9%
Hodgson
Leighton Baines
67.6%
Hodgson
Rob Green
67.4%
McClaren
Paul Robinson
66.8%
Hodgson
James Milner
65.9%
Hodgson
Phil Jones
63.2%
Capello
Gareth Barry
56.3%
Eriksson
Nicky Butt
54.4%
Hodgson
Ashley Young
52.8%
Hodgson
Andy Carroll
48.1%
McClaren
Owen Hargreaves
44.2%
Hodgson
Scott Parker
42.1%
Hodgson
Stewart Downing
40.9%
McClaren
Stewart Downing
40.9%
Capello
Matthew Upson
40.6%
Hodgson
Joleon Lescott
39.7%
Capello
Wes Brown
34.5%
Capello
Jermaine Jenas
28.1%
Eriksson
Nick Barmby
23.2%
Capello
David Bentley
16%
Eriksson
Chris Powell
13.1%
Quiz Playlist
Details
Report
Send in Message
Add To Playlist
Classic:
Type in answers that appear in a list
Last Updated: Feb 16, 2017
Quiz Scoreboard
CHALLENGE
Sign Up to Join the Scoreboard
Show All
Scores
Hide
Comments
May contain spoilers
Recently Published
9x9 Crossword: Cartoon Network
by jackfrog10
Miscellaneous
3m
College Basketball Coaching Resumes
by pancakes188
Sports
9m
Billboard Blitz: Fleetwood Mac
by CooCooCachoo
Music
15s
More to Explore
Quiz From the Vault
Featured Blog Post
Where Did the Easter Bunny Come From?
hide this ad
You Might Also Like...
Tags
England
last
Manager
Starting
XIs
Today's Top Quizzes in Sports
Browse Sports
hide this ad
Today's Top Quizzes in England
Browse England
Top Contributed Quizzes in Sports
1
2022 World Cup Stars
2
Les meilleurs buteurs des matchs entre le PSG et l’OM
3
FIFA Club World Cup Champions
4
Les entraîneurs de l'OM et du PSG au 21e siècle
5
Criteria MLB: Left Handed Sluggers
6
AFC Teams Reveal (Wrong Answers Minefield)
7
2023 MLB Unique Player Accomplishments
8
Players with Multiple 50 Home Run Seasons
9
5-to-1: FBS Animal Nicknames
10
5-to-1: UK Sports Teams
Explore More
Trending Topics
Harry Potter
Kpop
NBA
Crossword
Disney
Anime
Marvel
Puzzle
NFL
The Office
Country
Pokémon
Song
Soccer
WWE
hide this ad
More By:
bigrichinnes
Quiz
Plays
Rating
Category
Featured
Created
Teenagers with 10 Premier League goals
13,949
4.69
Sports
Sep 19, 2016
England goalscorers at major tournaments
12,405
4.25
Sports
Jun 20, 2016
Record Premier League goalscorers… by club
9,230
4.50
Sports
Mar 6, 2017
Premier League stadiums
8,327
4.29
Sports
Aug 22, 2016
Wayne Rooney's Man United strike partners (PL only)
8,094
4.33
Sports
Jan 21, 2017
Go to Creator's Profile
Score Distribution
Quiz Creator Spotlight
bigrichinnes
Follow
Send a Message
Quizzes Created
-
Created Quiz Play Count
-
More By This Creator
Popular Quizzes Today
1
Find the US States - No Outlines Minefield
2
Find the Countries of Europe - No Outlines Minefield
3
The Countries of the World
4
Find the US States
5
Risky Map Clicking: Biggest States A-Z
6
US States
7
Popular People in 1961
8
Movies - When Are They Set?
More Sports Quizzes
Вгадайте футболіста
Quiz Lab
Trending Quizzes
Risky Map Clicking: Least Populous States A-Z
1-10 Letter G Words
1-10 Letter F Words
Risky Map Clicking: Next State Alphabetically
Adjectives in 80s TV Shows
Recently Updated
Leaping Animals
pecheneg
Reality TV Shows (A-Z)
bhenderson79
Rickey Henderson's Hall of Fame Teammates
pecheneg
Champions League XIs: Arsenal
pecheneg
Quick Pick: Celebrities in WWE's Hall of Fame
aduchscher
A-Z Keypad Blitz II
pecheneg
Multiple Oscar Actors
pecheneg
Mystery Phrase Blitz: Oscar 'Best Actors'
pecheneg
F. Scott Fitzgerald Novels
LTH
Pick 3 Villains
ddd62291
Trending Topics
Marvel
Kpop
Harry Potter
Crossword
Anime
Disney
NBA
NFL
Song
Country
WWE
The Office
Soccer
Puzzle
Pokémon
Your Account Isn't Verified!
In order to create a playlist on Sporcle, you need to verify the email address you used during registration. Go to your
Sporcle Settings
to finish the process.
Report this User
Report this user for behavior that violates our
Community Guidelines
.
Details:
Send Report
Go to the Sporcle.com Mobile Site →
Comments